000 00662cam a22002291 4500
001 000562470
003 AM-YeHGA
005 20250617140426.0
008 720301s1962 nyua b 000 0 eng d
040 _aAM-YeHGA
041 0 _aeng
060 0 0 _aWM49
_b.S359p 1950
100 1 _aSchneider, Daniel Edward,
_d1907-
245 1 4 _aThe psychoanalyst and the artist /
_cBy Daniel E. Schneider.
260 _aNew York :
_bA Mentor Book,
_c[1962].
300 _a236 p. :
_b[6] l. of plates : ill. ;
_c22 cm.
440 2 _aA Mentor Book
_vMT464
504 _aSuggested references: p. 235-236
650 0 _aPsychoanalysis
650 0 _aArtists
090 _c221151
999 _c219621
_d219621